000 00601nam a2200205Ia 4500
008 170203s9999 xx 000 0 und d
020 _a0 060515333
050 _a413
050 _bC744 2003
245 _aHarper Collins Robert French College dictionary :
245 _b includes thousands of contemporary technical, political, and business terms /
250 _a4th edition.
260 _aNew York :
260 _bHarper Collins Publisher, 
260 _c2003
300 _a1220 pages :
300 _c23 cm.
650 _aFrench language -- 
650 _xDictionaries -- English.
999 _c305863
_d305863